00640nam a22002057a 450000500170000001000130001702000210003003500130005103700160006404000120008008200150009210000160010724500480012326000640017127000790023530000260031450000520034065000230039265000190041520170124110152.0 aA-351452 c00.00a812080421 aA-351452 bCen Lib/Ret aDPLbEN a181.4bNAY aNayak, G.C. aPhilosophical referctions /cby G.C. Nayak  aNew Delhi bIndian Council of Philosophical Research c1987 bNew Delhi aUSO house, 6 special institute area, new mahrauli roade110067 aviii, 166p.c21cm(Hb) aIncludes bibliographical references and index  aIndian Philosophy  aIndian origin